Indonesia, Philippines, or Japan? - Statistics

General Stats
  • This quiz has been taken 161 times
  • The average score is 18 of 26
Answer Stats
Hint Explanation Answer % Correct
Kyushu Japan
92%
Hokkaido Japan
92%
Shikoku Japan
92%
Okinawa Japan
92%
Honshu Japan
90%
Sumatra Indonesia
86%
Bali Indonesia
85%
Luzon Philippines
85%
Borneo Indonesia
83%
Mindanao Philippines
83%
Panay Philippines
80%
Sulawesi Indonesia
79%
Java Indonesia
79%
Negros Philippines
75%
Palawan Philippines
75%
Leyte Philippines
74%
Timor Indonesia
73%
Mindoro Philippines
70%
Lombok Indonesia
69%
Samar Philippines
52%
Flores Indonesia
49%
Hainan China None
43%
Salsette India None
42%
Socotra Yemen None
39%
Kauai United States (Hawaii) None
35%
Bioko Equatorial Guinea None
29%
No matching quizzes found
Score Distribution
Percent of People with Each Score
Percentile by Number Answered
Your Score History
You have not taken this quiz